logo

Bir Sreshtho Munshi Abdur Rouf Library
Jhenaidah Cadet College

A dance with dragons. (Record no. 10681)

MARC details
000 -LEADER
fixed length control field 01048nam a2200349 4500
001 - CONTROL NUMBER
JCCL Control Number 10681
003 - CONTROL NUMBER IDENTIFIER
JCCL marc code BD-JhCC
005 - DATE AND TIME OF LATEST TRANSACTION
control field 20180807120507.0
008 - FIXED-LENGTH DATA ELEMENTS--GENERAL INFORMATION
fixed length control field 180807s2012 enkb 000 f eng|d
020 ## - INTERNATIONAL STANDARD BOOK NUMBER
International Standard Book Number 0007466072
020 ## - INTERNATIONAL STANDARD BOOK NUMBER
International Standard Book Number 9780007466078
035 ## - SYSTEM CONTROL NUMBER
system control number (UkLCURL)09DAW22849658
035 ## - SYSTEM CONTROL NUMBER
system control number (UK-LoICS)DAW22849658
035 ## - SYSTEM CONTROL NUMBER
system control number (UkNcU)000925303
035 ## - SYSTEM CONTROL NUMBER
system control number (BD-JhCC)10681
038 ## - RECORD CONTENT LICENSOR
Record content licensor Uk
040 ## - CATALOGING SOURCE
Original cataloging agency StDuBDS
Transcribing agency StDuBDS
Modifying agency DAWSON
-- UkOxU
-- BD-JhCC
041 ## - LANGUAGE CODE
Language code of Book eng
082 04 - DEWEY DECIMAL CLASSIFICATION NUMBER
Classification number 813.6
DDC Edition number 23
Author mark and Year MAR 2012
090 ## - LOCALLY ASSIGNED LC-TYPE CALL NUMBER (OCLC); LOCAL CALL NUMBER (OCLC)
Classification number (OCLC) (R) ; Classification number, CALL (RLIN) (NR) Ncl
Local cutter number (OCLC) ; Book number/undivided call number, CALL (RLIN) 813.54 MAR
100 1# - MAIN ENTRY--PERSONAL NAME
Personal name Martin, George R. R.
245 12 - TITLE STATEMENT
Title A dance with dragons.
Number of part/section of a work 2,
Name of part/section of a work After the feast /
Statement of responsibility, etc George R.R. Martin.
246 30 - VARYING FORM OF TITLE
Title proper/short title after the feast
260 ## - PUBLICATION, DISTRIBUTION, ETC. (IMPRINT)
Place of publication, distribution, etc London :
Name of publisher, distributor, etc Harper Voyager,
Date of publication, distribution, etc 2012.
300 ## - PHYSICAL DESCRIPTION
Pagination 557, 16 p. :
Other physical details maps ;
Dimensions 20 cm.
490 1# - SERIES STATEMENT
Series statement Song of ice and fire ;
Volume number/sequential designation bk. 5, pt. 2
650 #0 - SUBJECT ADDED ENTRY--TOPICAL TERM
Topical term or geographic name as entry element Imaginary wars and battles
Form subdivision Fiction.
650 #0 - SUBJECT ADDED ENTRY--TOPICAL TERM
Topical term or geographic name as entry element Kings and rulers
Form subdivision Fiction.
650 #0 - SUBJECT ADDED ENTRY--TOPICAL TERM
Topical term or geographic name as entry element Alchemy
Form subdivision Fiction.
830 #0 - SERIES ADDED ENTRY--UNIFORM TITLE
Uniform title Song of ice and fire ;
Volume number/sequential designation bk. 5, pt. 2.
942 ## - ADDED ENTRY ELEMENTS (KOHA)
Source of classification or shelving scheme Dewey Decimal Classification
Koha item type Books
Holdings
Source of classification or shelving scheme Damaged status Not for loan Home library Current library Shelving location Date of accession Cost, normal purchase price Total Checkouts Full call number Barcode Date last seen Date checked out Copy number Koha item type
Dewey Decimal Classification     JCC Rouf Library JCC Rouf Library General Stacks 08/07/2018 1200.00 4 813.6 MAR 2012 14176 08/18/2025 08/06/2025 C-1 Books

JCC Library | Contacts | JCC Home

Last Update on 23 September 2017
Copyright @ 2017-2020 JCC Rouf Library
Rouf Library, Jhenidah Cadet College (JCC), Bangladesh